[Event "GX Alekhine Torneio Interno 2023"]
[Site "GXA, Portugal"]
[Date "????.??.??"]
[Round "4.1"]
[White "Gorgojo Freijo, Diego"]
[Black "Corentin, Louis"]
[Result "0-1"]
[TimeControl "1h 30m +30s"]
[WhiteElo "1889"]
[BlackElo "2054"]

1. d4 {[%clk 01:30:50]} {[%emt 00:00:09]} Nf6 {[%clk 01:30:32]} {[%emt
00:00:29]} 2. Nf3 {[%clk 01:30:30]} {[%emt 00:00:49]} g6 {[%clk 01:30:24]}
{[%emt 00:00:38]} 3. Nbd2 {[%clk 01:25:20]} {[%emt 00:05:41]} c5 {[%clk
01:30:15]} {[%emt 00:00:38]} 4. dxc5 {[%clk 01:16:52]} {[%emt 00:08:58]} Qa5
{[%clk 01:30:26]} {[%emt 00:00:18]} 5. c3 {[%clk 01:11:51]} {[%emt 00:05:32]}
Qxc5 {[%clk 01:30:22]} {[%emt 00:00:33]} 6. e4 {[%clk 01:06:59]} {[%emt
00:05:24]} d6 {[%clk 01:30:12]} {[%emt 00:00:40]} 7. Bc4 {[%clk 01:03:09]}
{[%emt 00:04:19]} Bg7 {[%clk 01:28:13]} {[%emt 00:02:29]} 8. Qe2 {[%clk
00:58:01]} {[%emt 00:05:39]} O-O {[%clk 01:27:12]} {[%emt 00:01:30]} 9. O-O
{[%clk 00:54:49]} {[%emt 00:03:44]} Nbd7 {[%clk 01:22:55]} {[%emt 00:04:47]} 10.
Nb3 {[%clk 00:51:18]} {[%emt 00:04:01]} Qc7 {[%clk 01:19:45]} {[%emt 00:03:39]}
11. Nbd4 {[%clk 00:44:18]} {[%emt 00:07:31]} a6 {[%clk 01:18:21]} {[%emt
00:01:54]} 12. Ne6 {[%clk 00:42:34]} {[%emt 00:02:14]} fxe6 {[%clk 01:17:02]}
{[%emt 00:01:48]} 13. Bxe6+ {[%clk 00:42:51]} {[%emt 00:00:13]} Kh8 {[%clk
01:17:23]} {[%emt 00:00:08]} 14. Ng5 {[%clk 00:42:39]} {[%emt 00:00:42]} Ne5
{[%clk 01:16:33]} {[%emt 00:01:21]} 15. f4 {[%clk 00:42:36]} {[%emt 00:00:33]}
Bxe6 {[%clk 01:15:22]} {[%emt 00:01:39]} 16. Nxe6 {[%clk 00:41:21]} {[%emt
00:01:46]} Qc4 {[%clk 01:15:27]} {[%emt 00:00:24]} 17. Qxc4 {[%clk 00:39:49]}
{[%emt 00:02:03]} Nxc4 {[%clk 01:15:51]} {[%emt 00:00:06]} 18. b3 {[%clk
00:36:53]} {[%emt 00:03:27]} Rfc8 {[%clk 01:11:45]} {[%emt 00:04:35]} 19. bxc4
{[%clk 00:36:13]} {[%emt 00:01:11]} Nxe4 {[%clk 01:11:57]} {[%emt 00:00:17]} 20.
Nxg7 {[%clk 00:36:01]} {[%emt 00:00:43]} Kxg7 {[%clk 01:12:19]} {[%emt
00:00:07]} 21. Rb1 {[%clk 00:32:52]} {[%emt 00:03:40]} Rab8 {[%clk 01:09:37]}
{[%emt 00:03:11]} 22. Rb4 {[%clk 00:31:10]} {[%emt 00:02:12]} a5 {[%clk
01:03:12]} {[%emt 00:06:55]} 23. Ra4 {[%clk 00:30:22]} {[%emt 00:01:18]} b6
{[%clk 01:01:25]} {[%emt 00:02:18]} 24. Be3 {[%clk 00:26:31]} {[%emt 00:04:20]}
Kf6 {[%clk 00:56:13]} {[%emt 00:05:42]} 25. Rb1 {[%clk 00:17:47]} {[%emt
00:09:15]} Nc5 {[%clk 00:51:26]} {[%emt 00:05:16]} 26. Ra3 {[%clk 00:17:29]}
{[%emt 00:00:49]} Kf5 {[%clk 00:50:48]} {[%emt 00:01:07]} 27. g3 {[%clk
00:17:06]} {[%emt 00:00:53]} e5 {[%clk 00:48:33]} {[%emt 00:02:44]} 28. fxe5
{[%clk 00:14:37]} {[%emt 00:03:00]} dxe5 {[%clk 00:48:18]} {[%emt 00:00:44]} 29.
Rf1+ {[%clk 00:12:16]} {[%emt 00:02:52]} Ke4 {[%clk 00:47:26]} {[%emt
00:01:21]} 30. Bxc5 {[%clk 00:12:24]} {[%emt 00:00:22]} Rxc5 {[%clk 00:47:48]}
{[%emt 00:00:08]} 31. Rf7 {[%clk 00:11:41]} {[%emt 00:01:14]} Rxc4 {[%clk
00:44:48]} {[%emt 00:03:30]} 32. Rb3 {[%clk 00:11:42]} {[%emt 00:00:29]} Ke3
{[%clk 00:41:53]} {[%emt 00:03:24]} 33. Kg2 {[%clk 00:11:07]} {[%emt 00:01:05]}
e4 {[%clk 00:41:18]} {[%emt 00:01:05]} 34. Rxh7 {[%clk 00:09:38]} {[%emt
00:01:59]} Rd8 {[%clk 00:40:11]} {[%emt 00:01:36]} 35. Rxb6 {[%clk 00:08:30]}
{[%emt 00:01:39]} Rd2+ {[%clk 00:40:05]} {[%emt 00:00:36]} 36. Kh3 {[%clk
00:08:48]} {[%emt 00:00:13]} Rxa2 {[%clk 00:37:23]} {[%emt 00:03:11]} 37. Rxg6
{[%clk 00:06:54]} {[%emt 00:02:25]} a4 {[%clk 00:37:24]} {[%emt 00:00:29]} 38.
Rd6 {[%clk 00:05:20]} {[%emt 00:02:03]} a3 {[%clk 00:35:15]} {[%emt 00:02:40]}
39. Rd1 {[%clk 00:04:24]} {[%emt 00:01:26]} Ra4 {[%clk 00:24:44]} {[%emt
00:11:01]} 40. Rf7 {[%clk 00:03:28]} {[%emt 00:01:26]} Re2 {[%clk 00:23:52]}
{[%emt 00:01:21]} 41. Rff1 {[%clk 00:03:04]} {[%emt 00:00:55]} a2 {[%clk
00:22:35]} {[%emt 00:01:47]} 42. g4 {[%clk 00:02:12]} {[%emt 00:01:23]} Rf2
{[%clk 00:22:25]} {[%emt 00:00:38]} 43. Rg1 {[%clk 00:01:13]} {[%emt 00:01:30]}
Kf4 {[%clk 00:21:10]} {[%emt 00:01:44]} 44. g5 {[%clk 00:01:11]} {[%emt
00:00:33]} Ra8 {[%clk 00:17:18]} {[%emt 00:04:22]} 45. Rg4+ {[%clk 00:00:43]}
{[%emt 00:00:57]} Kf5 {[%clk 00:17:41]} {[%emt 00:00:07]} 46. Ra1 {[%clk
00:00:53]} {[%emt 00:00:21]} Rh8+ {[%clk 00:17:33]} {[%emt 00:00:37]} 47. Kg3
{[%clk 00:00:33]} {[%emt 00:00:51]} Rhxh2 {[%clk 00:17:55]} {[%emt 00:00:06]}
48. Rh4 {[%emt 00:00:44]} 0-1

[Event "GX Alekhine Torneio Interno 2023"]
[Site "GXA, Portugal"]
[Date "????.??.??"]
[Round "4.2"]
[White "Silva, Reinaldo Joao David Bat"]
[Black "Pereira, Jose Antonio Gomes De"]
[Result "1-0"]
[TimeControl "1h 30m +30s"]
[WhiteElo "1763"]
[BlackElo "1519"]

1. Nf3 {[%clk 01:30:30]} {[%emt 00:24:25]} d5 {[%clk 01:28:46]} {[%emt
00:02:17]} 2. e3 {[%clk 01:28:42]} {[%emt 00:02:47]} Nf6 {[%clk 01:26:19]}
{[%emt 00:02:56]} 3. c4 {[%clk 01:27:05]} {[%emt 00:02:06]} e6 {[%clk
01:14:10]} {[%emt 00:12:40]} 4. Nc3 {[%clk 01:24:20]} {[%emt 00:03:14]} c6
{[%clk 01:12:11]} {[%emt 00:02:30]} 5. d4 {[%clk 01:23:50]} {[%emt 00:01:00]}
Be7 {[%clk 01:11:13]} {[%emt 00:01:28]} 6. a3 {[%clk 01:21:10]} {[%emt
00:03:10]} a5 {[%clk 01:09:49]} {[%emt 00:01:54]} 7. Bd3 {[%clk 01:21:10]}
{[%emt 00:00:30]} dxc4 {[%clk 01:02:51]} {[%emt 00:07:29]} 8. Bxc4 {[%clk
01:21:23]} {[%emt 00:00:17]} Nbd7 {[%clk 01:01:38]} {[%emt 00:01:43]} 9. O-O
{[%clk 01:20:28]} {[%emt 00:01:24]} Nd5 {[%clk 00:53:01]} {[%emt 00:09:08]} 10.
e4 {[%clk 01:17:45]} {[%emt 00:03:12]} Nxc3 {[%clk 00:52:26]} {[%emt 00:01:05]}
11. bxc3 {[%clk 01:17:07]} {[%emt 00:01:08]} b5 {[%clk 00:45:39]} {[%emt
00:07:17]} 12. Bd3 {[%clk 01:13:34]} {[%emt 00:04:02]} Nb6 {[%clk 00:41:07]}
{[%emt 00:05:03]} 13. Ne5 {[%clk 01:03:14]} {[%emt 00:10:50]} Bb7 {[%clk
00:39:00]} {[%emt 00:02:37]} 14. f4 {[%clk 00:55:35]} {[%emt 00:08:08]} Na4
{[%clk 00:33:57]} {[%emt 00:05:33]} 15. Qb3 {[%clk 00:53:36]} {[%emt 00:02:28]}
O-O {[%clk 00:31:44]} {[%emt 00:02:43]} 16. f5 {[%clk 00:52:43]} {[%emt
00:01:23]} exf5 {[%clk 00:25:11]} {[%emt 00:07:03]} 17. Rxf5 {[%clk 00:49:32]}
{[%emt 00:03:42]} Bf6 {[%clk 00:25:15]} {[%emt 00:00:26]} 18. Be3 {[%clk
00:44:08]} {[%emt 00:05:53]} g6 {[%clk 00:21:28]} {[%emt 00:04:18]} 19. Rxf6
{[%clk 00:43:59]} {[%emt 00:00:39]} Qxf6 {[%clk 00:21:36]} {[%emt 00:00:22]} 20.
Nd7 {[%clk 00:44:21]} {[%emt 00:00:08]} Qe6 {[%clk 00:20:22]} {[%emt 00:01:45]}
21. Qxe6 {[%clk 00:44:40]} {[%emt 00:00:11]} fxe6 {[%clk 00:20:49]} {[%emt
00:00:03]} 22. Nxf8 {[%clk 00:44:29]} {[%emt 00:00:41]} Rxf8 {[%clk 00:20:28]}
{[%emt 00:00:52]} 23. Bd2 {[%clk 00:36:11]} {[%emt 00:08:48]} Nc5 {[%clk
00:13:20]} {[%emt 00:07:38]} 24. Bc2 {[%clk 00:34:39]} {[%emt 00:02:01]} Nd7
{[%clk 00:11:04]} {[%emt 00:02:46]} 25. Bb3 {[%clk 00:34:04]} {[%emt 00:01:05]}
Re8 {[%clk 00:08:45]} {[%emt 00:02:49]} 26. Rf1 {[%clk 00:34:16]} {[%emt
00:00:18]} a4 {[%clk 00:08:09]} {[%emt 00:01:07]} 27. Ba2 {[%clk 00:31:38]}
{[%emt 00:03:07]} Kg7 {[%clk 00:08:19]} {[%emt 00:00:20]} 28. e5 {[%clk
00:26:49]} {[%emt 00:05:20]} c5 {[%clk 00:07:47]} {[%emt 00:01:03]} 29. Rb1
{[%clk 00:23:19]} {[%emt 00:03:59]} Bc6 {[%clk 00:05:55]} {[%emt 00:02:22]} 30.
Be3 {[%clk 00:22:46]} {[%emt 00:01:03]} c4 {[%clk 00:05:12]} {[%emt 00:01:13]}
31. Rf1 {[%clk 00:18:00]} {[%emt 00:05:16]} Rf8 {[%clk 00:05:05]} {[%emt
00:00:37]} 32. Bf4 {[%clk 00:17:47]} {[%emt 00:00:42]} h6 {[%clk 00:04:12]}
{[%emt 00:01:23]} 33. h4 {[%clk 00:18:09]} {[%emt 00:00:09]} Be4 {[%clk
00:02:22]} {[%emt 00:02:20]} 34. g3 {[%clk 00:14:25]} {[%emt 00:04:14]} Kh7
{[%clk 00:02:36]} {[%emt 00:00:15]} 35. Re1 {[%clk 00:13:15]} {[%emt 00:01:39]}
Bd3 {[%clk 00:02:13]} {[%emt 00:00:54]} 36. Bb1 {[%clk 00:13:38]} {[%emt
00:00:07]} Bf5 {[%clk 00:01:17]} {[%emt 00:01:26]} 37. Bxf5 {[%clk 00:13:22]}
{[%emt 00:00:46]} gxf5 {[%clk 00:01:18]} {[%emt 00:00:29]} 38. Rb1 {[%emt
00:00:56]} Rb8 {[%clk 00:01:01]} 39. d5 {[%clk 00:13:54]} {[%emt 00:00:19]} Nc5
{[%clk 00:01:05]} {[%emt 00:00:26]} 40. Be3 {[%clk 00:13:12]} {[%emt 00:01:12]}
Nd3 {[%clk 00:00:57]} {[%emt 00:00:39]} 41. dxe6 {[%clk 00:13:05]} {[%emt
00:00:37]} Re8 {[%clk 00:00:37]} {[%emt 00:00:50]} 42. Rxb5 {[%clk 00:12:56]}
{[%emt 00:00:38]} Rxe6 {[%clk 00:00:56]} {[%emt 00:00:11]} 43. Bd4 {[%clk
00:12:51]} {[%emt 00:00:35]} Kg6 {[%clk 00:00:59]} {[%emt 00:00:28]} 44. Ra5
{[%clk 00:12:32]} {[%emt 00:00:49]} Nb2 {[%clk 00:00:59]} {[%emt 00:00:30]} 45.
Kg2 {[%clk 00:12:09]} {[%emt 00:00:52]} f4 {[%clk 00:00:49]} {[%emt 00:00:40]}
46. gxf4 {[%clk 00:12:04]} {[%emt 00:00:35]} Kf5 {[%clk 00:01:15]} {[%emt
00:00:04]} 47. Kf3 {[%clk 00:12:07]} {[%emt 00:00:26]} h5 {[%clk 00:00:50]}
{[%emt 00:00:56]} 48. Ra8 {[%clk 00:12:26]} {[%emt 00:00:11]} Rg6 {[%clk
00:00:35]} {[%emt 00:00:46]} 49. Rf8+ {[%clk 00:12:23]} {[%emt 00:00:33]} Ke6
{[%clk 00:00:33]} {[%emt 00:00:32]} 50. f5+ {[%clk 00:12:44]} {[%emt 00:00:08]}
Ke7 {[%clk 00:00:39]} {[%emt 00:00:24]} 51. Rb8 {[%clk 00:12:48]} {[%emt
00:00:26]} Rg4 {[%clk 00:00:36]} {[%emt 00:00:33]} 52. Rxb2 {[%clk 00:13:11]}
{[%emt 00:00:07]} Rxh4 {[%clk 00:01:00]} {[%emt 00:00:06]} 53. f6+ {[%clk
00:13:32]} {[%emt 00:00:09]} Ke6 {[%clk 00:01:16]} {[%emt 00:00:15]} 54. Rb6+
{[%clk 00:13:55]} {[%emt 00:00:08]} Kf5 {[%clk 00:01:32]} {[%emt 00:00:14]} 55.
f7 {[%clk 00:14:21]} {[%emt 00:00:03]} Rh3+ {[%clk 00:01:45]} {[%emt 00:00:16]}
56. Kg2 {[%clk 00:14:45]} {[%emt 00:00:05]} Kg5 {[%clk 00:00:35]} {[%emt
00:01:41]} 57. f8=Q {[%clk 00:15:00]} {[%emt 00:00:15]} Kh4 {[%clk 00:00:33]}
{[%emt 00:00:31]} 58. Qf4# {[%emt 00:00:04]} 1-0

[Event "GX Alekhine Torneio Interno 2023"]
[Site "GXA, Portugal"]
[Date "????.??.??"]
[Round "4.4"]
[White "Silva, Lourenco Santa Clara Co"]
[Black "Dias, Antonio Alberto"]
[Result "1-0"]
[WhiteElo "1731"]
[BlackElo "1709"]
[Annotator "Marques,Rui"]
[PlyCount "107"]

{[%evp 0,107,38,46,100,89,73,55,78,92,100,89,77,69,86,69,86,98,99,93,196,84,66,64,141,97,135,141,136,130,104,-14,3,-65,-52,-60,-37,-45,30,40,40,29,31,14,7,-26,-31,-53,-44,-63,-72,-82,-82,-79,-59,-99,-2,-20,19,17,23,23,123,135,132,110,118,109,115,115,140,107,111,139,184,197,205,112,151,76,69,1,126,144,182,190,211,195,196,200,211,211,212,214,251,231,274,271,271,164,278,329,507,182,1012,1894,2330,1944,29973,29974]} 1. e4 {[%emt 0:00:04]} Nf6 {[%emt 0:00:16]} 2. e5 {[%emt 0:00:06]} Nd5 {[%emt 0:00:11]} 3. d4 {[%emt 0:00:08]} e6 {[%emt 0:00:33]} 4. c4 {[%emt 0:01:56]} Bb4+ {[%emt 0:01:56]} 5. Bd2 {[%emt 0:00:17]} Bxd2+ {[%emt 0:00:39]} 6. Nxd2 {[%emt 0:01:42]} Nf4 {[%emt 0:01:23]} 7. Qg4 {[%emt 0:02:31]} Ng6 {[%emt 0:03:12]} 8. h4 {[%emt 0:01:42]} f5 {[%emt 0:00:45]} 9. Qg3 {[%emt 0:00:42]} Nc6 {[%emt 0:00:46]} 10. Ngf3 {[%emt 0:05:35]} O-O {[%emt 0:01:24]} 11. h5 {[%emt 0:01:32]} Nh8 {[%emt 0:00:41]} 12. O-O-O {[%emt 0:12:21]} d5 {[%emt 0:00:12]} 13. cxd5 {[%emt 0:13:13]} exd5 {[%emt 0:00:14]} 14. Qf4 {[%emt 0:00:41]} Nf7 {[%emt 0:02:37]} 15. Nh4 {[%emt 0:05:04]} Qg5 {[%emt 0:01:29]} 16. Qxg5 {[%emt 0:03:36]} Nxg5 {[%emt 0:00:07]} 17. f4 {[%emt 0:08:18]} Ne6 {[%emt 0:00:59]} 18. g3 {[%emt 0:00:47]} Nexd4 {[%emt 0:00:09]} 19. Ndf3 {[%emt 0:01:18]} Nxf3 {[%emt 0:00:12]} 20. Nxf3 {[%emt 0:00:04]} Ne7 {[%emt 0:01:41]} 21. Nd4 {[%emt 0:01:24]} a6 {[%emt 0:00:24]} 22. Bg2 {[%emt 0:02:10]} c5 {[%emt 0:02:43]} 23. Nb3 {[%emt 0:06:37]} Be6 {[%emt 0:00:08]} 24. Kb1 {[%emt 0:00:17]} b6 {[%emt 0:01:10]} 25. h6 {[%emt 0:01:20]} g6 {[%emt 0:01:08]} 26. Nd2 {[%emt 0:00:41]} Rac8 {[%emt 0:01:12]} 27. Nf3 {[%emt 0:00:19]} Rfd8 {[%emt 0:00:12]} 28. Ng5 {[%emt 0:00:48]} Rc6 {[%emt 0:00:16]} 29. Rd2 {[%emt 0:00:50]} b5 {[%emt 0:01:37]} 30. Rhd1 {[%emt 0:00:28]} Rb6 {[%emt 0:00:46]} 31. Nxe6 {[%emt 0:00:26]} Rxe6 {[%emt 0:00:39]} 32. Bxd5 {[%emt 0:00:06]} Rxd5 {[%emt 0:03:10]} 33. Rxd5 {[%emt 0:00:07]} Nxd5 {[%emt 0:00:36]} 34. Rxd5 {[%emt 0:00:04]} c4 {[%emt 0:00:11]} 35. Kc2 {[%emt 0:02:28]} Kf7 {[%emt 0:00:11]} 36. Kc3 {[%emt 0:01:19]} g5 {[%emt 0:00:07]} 37. fxg5 {[%emt 0:01:19]} Ke7 {[%emt 0:00:30]} 38. Kb4 {[%emt 0:02:45]} Rg6 {[%emt 0:00:24]} 39. Ka5 {[%emt 0:00:11]} Rxg5 {[%emt 0:00:18]} 40. Kxa6 {[%emt 0:00:31]} Rg6+ {[%emt 0:00:14]} 41. Kxb5 {[%emt 0:00:24]} Rxh6 {[%emt 0:00:26]} 42. Kxc4 {[%emt 0:00:44]} Rh2 {[%emt 0:00:27]} 43. Kc3 {[%emt 0:00:23]} Ke6 {[%emt 0:00:08]} 44. Rd3 {[%emt 0:00:25]} Kxe5 {[%emt 0:00:30]} 45. a4 {[%emt 0:00:07]} h5 {[%emt 0:01:42]} 46. a5 {[%emt 0:00:17]} h4 {[%emt 0:00:02]} 47. gxh4 {[%emt 0:02:02]} Rxh4 {[%emt 0:00:03]} 48. b4 {[%emt 0:00:16]} Rh1 {[%emt 0:00:38]} 49. Kc4 {[%emt 0:05:23]} f4 {[%emt 0:00:33]} 50. a6 {[%emt 0:01:14]} Rc1+ {[%emt 0:00:05]} 51. Rc3 {[%emt 0:00:29]} Rxc3+ {[%emt 0:00:27]} 52. Kxc3 {[%emt 0:00:06]} f3 {[%emt 0:00:05]} 53. Kd3 {[%emt 0:00:04]} Kf4 {[%emt 0:00:24]} 54. a7 {[%emt 0:00:12]} 1-0

[Event "GX Alekhine Torneio Interno 2023"]
[Site "GXA, Portugal"]
[Date "????.??.??"]
[Round "5.1"]
[White "Corentin, Louis"]
[Black "Silva, Reinaldo Joao David Bat"]
[Result "1-0"]
[TimeControl "1h 30m +30s"]
[WhiteElo "2054"]
[BlackElo "1763"]

1. f4 {[%clk 01:30:55]} {[%emt 00:00:04]} Nf6 {[%clk 01:30:40]} {[%emt
00:00:25]} 2. Nf3 {[%clk 01:31:16]} {[%emt 00:00:04]} d5 {[%clk 01:30:59]}
{[%emt 00:00:11]} 3. g3 {[%clk 01:31:38]} {[%emt 00:00:09]} e6 {[%clk
01:31:20]} {[%emt 00:00:09]} 4. Bg2 {[%clk 01:31:37]} {[%emt 00:00:31]} c5
{[%clk 01:31:37]} {[%emt 00:00:12]} 5. O-O {[%clk 01:31:05]} {[%emt 00:01:02]}
Nc6 {[%clk 01:31:49]} {[%emt 00:00:19]} 6. d3 {[%clk 01:31:22]} {[%emt
00:00:13]} Be7 {[%clk 01:31:56]} {[%emt 00:00:23]} 7. e4 {[%clk 01:30:53]}
{[%emt 00:01:00]} dxe4 {[%clk 01:30:04]} {[%emt 00:02:29]} 8. dxe4 {[%clk
01:31:15]} {[%emt 00:00:04]} Qxd1 {[%clk 01:29:42]} {[%emt 00:00:49]} 9. Rxd1
{[%clk 01:31:39]} {[%emt 00:00:06]} Nxe4 {[%clk 01:29:44]} {[%emt 00:00:28]} 10.
Ne5 {[%clk 01:31:59]} {[%emt 00:00:10]} Nxe5 {[%clk 01:27:05]} {[%emt
00:03:10]} 11. fxe5 {[%clk 01:32:19]} {[%emt 00:00:09]} f5 {[%clk 01:26:56]}
{[%emt 00:00:39]} 12. Bxe4 {[%clk 01:29:15]} {[%emt 00:03:34]} fxe4 {[%clk
01:27:17]} {[%emt 00:00:09]} 13. Nc3 {[%clk 01:07:53]} {[%emt 00:21:53]} O-O
{[%clk 01:19:09]} {[%emt 00:08:38]} 14. Nxe4 {[%clk 00:52:30]} {[%emt
00:15:52]} Rf5 {[%clk 00:55:06]} {[%emt 00:24:33]} 15. Nd6 {[%clk 00:47:11]}
{[%emt 00:05:49]} Rxe5 {[%clk 00:52:53]} {[%emt 00:02:43]} 16. Bf4 {[%clk
00:34:23]} {[%emt 00:13:18]} Re2 {[%clk 00:47:39]} {[%emt 00:05:44]} 17. Re1
{[%clk 00:30:44]} {[%emt 00:04:10]} Rxe1+ {[%clk 00:37:05]} {[%emt 00:11:04]}
18. Rxe1 {[%clk 00:31:07]} {[%emt 00:00:06]} Bxd6 {[%clk 00:30:21]} {[%emt
00:07:15]} 19. Bxd6 {[%clk 00:31:29]} {[%emt 00:00:07]} c4 {[%clk 00:28:46]}
{[%emt 00:02:05]} 20. Kf2 {[%clk 00:28:03]} {[%emt 00:03:55]} Bd7 {[%clk
00:28:02]} {[%emt 00:01:14]} 21. Ke3 {[%clk 00:25:42]} {[%emt 00:02:52]} Bc6
{[%clk 00:25:25]} {[%emt 00:03:06]} 22. Kd4 {[%clk 00:26:02]} {[%emt 00:00:10]}
Bd5 {[%clk 00:25:31]} {[%emt 00:00:24]} 23. Ke5 {[%clk 00:24:16]} {[%emt
00:02:16]} Rd8 {[%clk 00:22:54]} {[%emt 00:03:08]} 24. Rf1 {[%clk 00:23:04]}
{[%emt 00:01:42]} h6 {[%clk 00:21:40]} {[%emt 00:01:44]} 25. h4 {[%clk
00:22:01]} {[%emt 00:01:32]} b5 {[%clk 00:20:04]} {[%emt 00:02:06]} 26. g4
{[%clk 00:18:20]} {[%emt 00:04:11]} a5 {[%clk 00:16:14]} {[%emt 00:04:20]} 27.
c3 {[%clk 00:18:21]} {[%emt 00:00:28]} Rd7 {[%clk 00:14:22]} {[%emt 00:02:22]}
28. Rf8+ {[%clk 00:17:33]} {[%emt 00:01:18]} Kh7 {[%clk 00:14:50]} {[%emt
00:00:03]} 29. Rb8 {[%clk 00:15:09]} {[%emt 00:02:53]} Rf7 {[%clk 00:12:28]}
{[%emt 00:02:52]} 30. Bc5 {[%clk 00:13:26]} {[%emt 00:02:13]} h5 {[%clk
00:12:28]} {[%emt 00:00:31]} 31. gxh5 {[%clk 00:12:56]} {[%emt 00:01:00]} Rf5+
{[%clk 00:12:32]} {[%emt 00:00:26]} 32. Kd6 {[%clk 00:13:05]} {[%emt 00:00:20]}
Rxh5 {[%clk 00:12:00]} {[%emt 00:01:02]} 33. Rxb5 {[%clk 00:13:17]} {[%emt
00:00:18]} a4 {[%clk 00:10:52]} {[%emt 00:01:39]} 34. Ra5 {[%clk 00:13:14]}
{[%emt 00:00:32]} Rxh4 {[%clk 00:09:24]} {[%emt 00:01:57]} 35. Rxa4 {[%clk
00:13:38]} {[%emt 00:00:06]} Rh2 {[%clk 00:09:11]} {[%emt 00:00:40]} 36. Rb4
{[%clk 00:13:56]} {[%emt 00:00:15]} g5 {[%clk 00:09:18]} {[%emt 00:00:24]} 37.
Bd4 {[%clk 00:12:54]} {[%emt 00:01:32]} Kg6 {[%clk 00:08:05]} {[%emt 00:01:43]}
38. b3 {[%clk 00:09:46]} {[%emt 00:03:38]} Rxa2 {[%clk 00:07:46]} {[%emt
00:00:49]} 39. bxc4 {[%clk 00:10:07]} {[%emt 00:00:09]} Ra6+ {[%clk 00:06:52]}
{[%emt 00:01:24]} 40. Ke5 {[%clk 00:10:31]} {[%emt 00:00:06]} Bf3 {[%clk
00:06:48]} {[%emt 00:00:34]} 41. Rb8 {[%clk 00:10:13]} {[%emt 00:00:49]} g4
{[%clk 00:06:30]} {[%emt 00:00:48]} 42. Rg8+ {[%clk 00:10:17]} {[%emt
00:00:25]} Kf7 {[%clk 00:06:46]} {[%emt 00:00:14]} 43. Rg5 {[%clk 00:10:41]}
{[%emt 00:00:07]} Be2 {[%clk 00:04:54]} {[%emt 00:02:22]} 44. c5 {[%clk
00:10:50]} {[%emt 00:00:21]} Bf3 {[%clk 00:05:09]} {[%emt 00:00:15]} 45. Kf4
{[%clk 00:10:59]} {[%emt 00:00:21]} Be2 {[%clk 00:04:58]} {[%emt 00:00:41]} 46.
Rg7+ {[%clk 00:11:22]} {[%emt 00:00:07]} Kf8 {[%clk 00:05:10]} {[%emt
00:00:17]} 47. Rc7 {[%clk 00:11:01]} {[%emt 00:00:52]} Ra2 {[%clk 00:04:07]}
{[%emt 00:01:33]} 48. c6 {[%clk 00:09:09]} {[%emt 00:02:22]} Ra6 {[%clk
00:03:08]} {[%emt 00:01:29]} 49. Ke5 {[%clk 00:08:56]} {[%emt 00:00:43]} Ra5+
{[%clk 00:01:35]} {[%emt 00:02:04]} 50. Kxe6 {[%clk 00:08:51]} {[%emt
00:00:34]} Ra8 {[%clk 00:00:56]} {[%emt 00:01:09]} 51. Rh7 {[%clk 00:08:43]}
{[%emt 00:00:37]} Bc4+ {[%clk 00:01:07]} {[%emt 00:00:20]} 52. Kf6 {[%clk
00:08:57]} {[%emt 00:00:15]} Ra6 {[%clk 00:00:40]} {[%emt 00:00:59]} 53. Rh8+
{[%clk 00:09:19]} {[%emt 00:00:08]} Bg8 {[%clk 00:01:09]} {[%emt 00:00:01]} 54.
Bc5+ {[%emt 00:00:07]} 1-0